Etiqueta de registo: 00254nam 2200025 450
001 2231882
003 http://id.bnportugal.gov.pt/bib/catbnp/2231882
010 ## $a978-989-36340-4-2
021 ## $aPT$b554559/25
100 ## $a20251118d2025 m y0pory01030103ba
101 0# $apor$asla
102 ## $aPT
105 ## $ay z 000gy
106 ## $ar
200 1# $aMensagem$fFernando Pessoa$gtrad. Anhelina Hetun
210 #9 $aLisboa$cA Brasileira,$d2025
215 ## $a147 p.$cil.$d25 cm
305 ## $aEd. bilingue em português e ucraniano
675 ## $a821.134.3-1"19"$vBN$zpor$3288131
700 #1 $aPessoa,$bFernando,$f1888-1935$310380
702 #1 $aHetun,$bAnhelina $4730$31972307
801 #0 $aPT$bBN$gRPC
856 41 $uhttp://rnod.bnportugal.gov.pt/ImagesBN/winlibimg.aspx?skey=&doc=2231882&img=217938&save=true
900 ## $aBIBNAC$d20260120
966 ## $lBN$mFGMON$sL. 179830 V.$x1
966 ## $lBN$mFGMON$sL. 179830 V.-D$x1
971 ## $cjbeatriz$d20251118
972 ## $e0$z0$d20260120$viquintas
973 ## $csteixeira$d20251216